Statistics for Asian Countries in their own language - Map Quiz

Click here to take the quiz!

General Stats

  • This quiz has been taken 125 times
  • The average score is 21 of 47

Answers on the Map

Answers color-coded by a green-red scale on the quiz's map according to % correct below.
 

Answer Stats

Answer% Correct
Pilipinas
88%
azerbaycan
85%
Indonesia
85%
Timor Lorosa'e
84%
Malaysia
84%
Türkiye
84%
Türkmenistan
82%
Singapore
82%
Việt Nam
79%
Negara Brunei
78%
O'zbekiston
77%
Қазақстан
64%
日本
63%
Тоҷикистон
62%
Кыргызстан
60%
монгол
56%
中国
56%
台灣
53%
북한
53%
ישראל
49%
대한민국
45%
Հայաստան
44%
ประเทศไทย
41%
საქართველო
37%
المملكة العربية السعودية
36%
لإمارات العربية المتحدة
33%
இலங்கை
32%
ދިވެހިރާއްޖެ
29%
မြန်မာနိုင်ငံသား
29%
افغانستان
26%
नेपाल
25%
বাংলাদেশ
23%
ایران
22%
سوريا
22%
འབྲུག་ཡུལ་
21%
اليمن
21%
الكويت
21%
العراق
21%
الأردن
21%
ប្រទេសកម្ពុជា
21%
ລາວ
21%
دولة قطر
21%
سلطنة عمان
18%
भारत
16%
لبحرين
16%
لبنان
15%
ਪਾਕਿਸਤਾਨ
11%

Score Distribution

Percentile by Number Answered

Percent of People with Each Score

Your Score History

You have not taken this quiz